[Event "Open Letni Praha 2017 - B"]
[Site "Praha"]
[Date "2017.08.05"]
[Round "2"]
[White "Melkevik, Egil"]
[Black "Klyuev, Vasily"]
[Result "0-1"]
[WhiteElo "1690"]
[BlackElo "1921"]
[PlyCount "80"]
[EventDate "2017.08.04"]

1. e4 c5 2. Nf3 Nc6 3. d3 g6 4. c3 Bg7 5. Be2 Nf6 6. Nbd2 d5 7. Qc2 e6 8. Nf1
O-O 9. h3 Qc7 10. g4 h5 11. N3h2 b6 12. gxh5 Nxh5 13. Bxh5 gxh5 14. Qe2 dxe4
15. dxe4 Ne5 16. Nf3 Ba6 17. Qxa6 Nxf3+ 18. Ke2 Nh4 19. Qd3 Ng6 20. Qe3 h4 21.
Qg5 Rfd8 22. Nd2 Qd6 23. Rg1 Qd3+ 24. Ke1 Qxh3 25. Nf1 Bxc3+ 26. Bd2 Bxb2 27.
Rb1 Qa3 28. Qxh4 Qxa2 29. Rd1 Qa4 30. Ne3 Bg7 31. Qh5 Qxe4 32. Rg4 Qf3 33. Qh2
e5 34. Rg3 Qe4 35. f3 Qh4 36. Qg1 Bh6 37. Nf5 Bxd2+ 38. Rxd2 Qf6 39. Nh6+ Kh8
40. Ng4 Qf5 0-1

[Event "Open Letni Praha 2017 - B"]
[Site "Praha"]
[Date "2017.08.05"]
[Round "2"]
[White "Zacek, Petr"]
[Black "Cabart, Pavel"]
[Result "0-1"]
[WhiteElo "1914"]
[BlackElo "1714"]
[PlyCount "84"]
[EventDate "2017.08.04"]

1. c4 Nf6 2. Nc3 g6 3. g3 Bg7 4. Bg2 O-O 5. Nf3 d6 6. d4 Nc6 7. e4 a6 8. O-O
Rb8 9. h3 b5 10. cxb5 axb5 11. d5 Na5 12. Qc2 b4 13. Ne2 Ba6 14. Re1 Bxe2 15.
Qxe2 c5 16. dxc6 Nxc6 17. Rb1 Qa5 18. Ra1 Nd7 19. Be3 Nc5 20. Red1 Qa4 21. Nd4
Nxd4 22. Bxd4 Bxd4 23. Rxd4 Nb3 24. Qc2 Qa7 25. Qxb3 Qxd4 26. Rd1 Qc5 27. Rd5
Qc1+ 28. Rd1 Qc7 29. h4 h5 30. Bf3 Rfc8 31. Qe3 Qc5 32. Qh6 Qe5 33. Rd5 Qg7 34.
Qf4 Rc5 35. Rxc5 e5 36. Rxe5 dxe5 37. Qd2 Qf6 38. Be2 Qc6 39. Qe3 Rc8 40. Kg2
Qc1 41. Qa7 Qxb2 42. Bb5 Qd4 0-1

[Event "Open Letni Praha 2017 - B"]
[Site "Praha"]
[Date "2017.08.06"]
[Round "3"]
[White "Atnilov, Boris"]
[Black "Smelykh, Edvin"]
[Result "1-0"]
[WhiteElo "2029"]
[BlackElo "1776"]
[PlyCount "105"]
[EventDate "2017.08.04"]

1. e4 c5 2. Nf3 e6 3. c3 d5 4. e5 Nc6 5. d4 Qb6 6. Bd3 Bd7 7. dxc5 Bxc5 8. b4
Be7 9. O-O Rc8 10. Re1 h5 11. a3 Nh6 12. h3 g6 13. Be3 Qc7 14. Nbd2 a6 15. Rc1
b5 16. Nb3 Ra8 17. Bxh6 Rxh6 18. Qd2 Rh8 19. Qe3 Na7 20. Nbd4 Nc8 21. Ng5 Bxg5
22. Qxg5 Qd8 23. Qf4 Ne7 24. Qf6 Rg8 25. Qf4 Nc6 26. Qh6 Qe7 27. Re3 Qf8 28.
Qf4 Qg7 29. Nxc6 Bxc6 30. Qd4 Kd7 31. Rf3 Qf8 32. Rf6 Qe7 33. c4 Rgc8 34. Qf4
Rf8 35. cxd5 Bxd5 36. Be4 Rac8 37. Rd1 Rc4 38. Qf3 Rxe4 39. Qxe4 Rd8 40. Qe3
Ke8 41. Qh6 Qf8 42. Qg5 Qe7 43. Rd4 Bc4 44. Rdf4 Rd5 45. Qh6 Rxe5 46. Qh8+ Qf8
47. Qxf8+ Kxf8 48. Rxf7+ Kg8 49. Ra7 Bd5 50. Rff7 Re1+ 51. Kh2 Rc1 52. Rg7+ Kh8
53. Rxg6 1-0

[Event "Open Letni Praha 2017 - B"]
[Site "Praha"]
[Date "2017.08.06"]
[Round "3"]
[White "Paus, Marek"]
[Black "Janacek, Jaroslav"]
[Result "0-1"]
[WhiteElo "1773"]
[BlackElo "2019"]
[PlyCount "111"]
[EventDate "2017.08.04"]

1. d4 d6 2. e4 Nf6 3. Nc3 e5 4. dxe5 dxe5 5. Qxd8+ Kxd8 6. Nf3 Nc6 7. Bc4 Ke8
8. Bg5 Bb4 9. Nd2 Bxc3 10. bxc3 Ke7 11. O-O Be6 12. Bb5 h6 13. Be3 Nd7 14. Bxc6
bxc6 15. a4 Rhb8 16. Rfe1 a5 17. g3 c5 18. f4 f6 19. Nb3 Kd6 20. Red1+ Kc6 21.
fxe5 fxe5 22. Rab1 Rb7 23. Nd2 Rab8 24. Rxb7 Rxb7 25. Nf3 Rb2 26. Ne1 c4 27.
Bc1 Rb8 28. Nf3 Rf8 29. Nd2 Nb6 30. Ba3 Rf7 31. Rf1 Rxf1+ 32. Kxf1 Nxa4 33. Bf8
Nxc3 34. Bxg7 Kd6 35. Bf8+ Kd7 36. Bg7 Kd6 37. Bf8+ Kc6 38. Bg7 Kc5 39. Bxe5
Kb4 40. Bxc7 Nb5 41. Bf4 h5 42. Nb1 c3 43. Ke2 Ba2 44. Nxc3 Nxc3+ 45. Ke3 Kc4
46. Bd6 Bb1 47. e5 Bxc2 48. Kf4 Kd5 49. Ba3 Nb5 50. Bb2 Ke6 51. Kg5 Bd1 52. h3
Kd5 53. g4 hxg4 54. hxg4 Nd4 55. Kf6 Nf3 56. Kg6 0-1

[Event "Open Letni Praha 2017 - B"]
[Site "Praha"]
[Date "2017.08.06"]
[Round "3"]
[White "Benes, Petr"]
[Black "Fraczek, Weronika"]
[Result "1-0"]
[WhiteElo "1994"]
[BlackElo "1768"]
[PlyCount "71"]
[EventDate "2017.08.04"]

1. g3 d5 2. Nf3 c5 3. Bg2 Nc6 4. d4 e6 5. O-O Nf6 6. c4 dxc4 7. Qa4 Nd7 8. dxc5
Bxc5 9. Qxc4 O-O 10. Nc3 a6 11. Ne4 Be7 12. Rd1 Qc7 13. Bd2 Nb6 14. Qc2 Nd5 15.
Rac1 Bd7 16. Neg5 g6 17. e4 Ndb4 18. Qb3 a5 19. a3 Na6 20. Bf4 Qc8 21. Ne5 Nab8
22. Nxd7 Nxd7 23. Nxe6 a4 24. Qa2 Re8 25. Nc7 Nc5 26. Nd5 Nb3 27. Rc2 Ra5 28.
Qb1 Kg7 29. Rc3 Rc5 30. Qc2 Rxc3 31. Qxc3+ f6 32. e5 Rf8 33. exf6+ Bxf6 34.
Nxf6 Rxf6 35. Be5 Qf5 36. Bxf6+ 1-0

[Event "Open Letni Praha 2017 - B"]
[Site "Praha"]
[Date "2017.08.06"]
[Round "3"]
[White "Cabart, Pavel"]
[Black "Anatskiy, Alexey"]
[Result "1/2-1/2"]
[WhiteElo "1714"]
[BlackElo "1975"]
[PlyCount "100"]
[EventDate "2017.08.04"]

1. e4 c6 2. d4 d5 3. exd5 cxd5 4. c4 e6 5. Nc3 Nf6 6. Bg5 Be7 7. Nf3 O-O 8. c5
h6 9. Bf4 g5 10. Bxb8 Rxb8 11. Ne5 Nd7 12. Nxd7 Bxd7 13. Bd3 b6 14. b4 Bf6 15.
Bc2 Bg7 16. Qd3 f5 17. Rb1 Qf6 18. Ne2 bxc5 19. bxc5 Rxb1+ 20. Bxb1 Rb8 21. O-O
Bb5 22. Qd2 e5 23. dxe5 Qxe5 24. Bd3 Bxd3 25. Qxd3 f4 26. Nc1 Rb2 27. c6 Rb6
28. Qg6 Kf8 29. Qc2 Qc3 30. Qf5+ Bf6 31. Qxd5 Qxc6 32. Qf5 Qe6 33. Qh7 Bg7 34.
Qd3 Qd6 35. Qe4 Rb8 36. Nb3 Re8 37. Qf3 Qe5 38. h3 Qe4 39. Qd1 Qe2 40. Qd6+ Qe7
41. Qd5 Qe6 42. Qa5 Qb6 43. Qf5+ Kg8 44. Rc1 Qb4 45. Kh2 Qb6 46. Rc2 Kh8 47.
Qf7 Rf8 48. Qd5 Rd8 49. Qe4 Rf8 50. Qf3 Rd8 1/2-1/2

[Event "Open Letni Praha 2017 - B"]
[Site "Praha"]
[Date "2017.08.06"]
[Round "3"]
[White "Fragnaud, Jean-Guy"]
[Black "Karlsson, Peter"]
[Result "0-1"]
[WhiteElo "1934"]
[BlackElo "1764"]
[PlyCount "166"]
[EventDate "2017.08.04"]

1. d4 Nf6 2. Nf3 g6 3. g3 Bg7 4. Bg2 c5 5. d5 d6 6. c4 b5 7. cxb5 a6 8. b6 Qxb6
9. O-O O-O 10. Nc3 Qc7 11. Re1 Nbd7 12. e4 Nb6 13. h3 Nfd7 14. Be3 Nc4 15. Bc1
Rb8 16. Qe2 Nce5 17. Nxe5 Nxe5 18. f4 Nd7 19. Qc2 Qb6 20. Kh2 Qb4 21. Re2 a5
22. Qd3 Qb6 23. Rc2 Ba6 24. Qf3 Rfc8 25. Bd2 Qc7 26. Bf1 Bxf1 27. Qxf1 Qb7 28.
Rac1 Nb6 29. Qe2 a4 30. Nd1 Nd7 31. Bc3 Qb5 32. Bxg7 Qxe2+ 33. Rxe2 Kxg7 34.
Ne3 Rb4 35. Nc4 Rcb8 36. Rcc2 R4b5 37. Kg2 Nb6 38. Nd2 Nd7 39. Nc4 Nb6 40. Nd2
Nd7 41. b3 axb3 42. Nxb3 Nf6 43. Kf3 Ra8 44. Nd2 Ra3+ 45. Re3 Ra7 46. Nc4 Ra6
47. Ra3 Rxa3+ 48. Nxa3 Rb4 49. Nc4 Kf8 50. Ke3 Ke8 51. Kd3 Kd7 52. a3 Rb3+ 53.
Ke2 Nxe4 54. g4 Nc3+ 55. Kd2 Nxd5 56. a4 Rxh3 57. Rc1 Rh2+ 58. Kd3 Nxf4+ 59.
Ke3 Nd5+ 60. Kf3 Nb4 61. Ra1 Ra2 62. Rh1 Ke6 63. a5 d5 64. Re1+ Kf6 65. Nb6
Rxa5 66. Nd7+ Kg7 67. g5 e6 68. Rh1 Ra3+ 69. Kg4 Nd3 70. Rh2 Ra4+ 71. Kf3 Rf4+
72. Ke3 c4 73. Nf6 Rxf6 74. gxf6+ Kxf6 75. Rxh7 e5 76. Rh8 d4+ 77. Ke4 Nf2+ 78.
Kf3 Nd1 79. Rh1 Nb2 80. Ke4 Ke6 81. Ra1 f5+ 82. Kf3 d3 83. Ke3 c3 0-1

[Event "Open Letni Praha 2017 - B"]
[Site "Praha"]
[Date "2017.08.06"]
[Round "3"]
[White "Paseka, Christian"]
[Black "Souralova, Venuse"]
[Result "1-0"]
[WhiteElo "1766"]
[BlackElo "1489"]
[PlyCount "59"]
[EventDate "2017.08.04"]

1. d4 d5 2. c4 Nf6 3. cxd5 Nxd5 4. Nf3 e6 5. a3 Be7 6. Nc3 O-O 7. e4 Nxc3 8.
bxc3 c5 9. Be2 b6 10. O-O Bb7 11. Qc2 Nd7 12. Bb2 Rc8 13. Rfd1 Qc7 14. d5 Nf6
15. c4 exd5 16. exd5 Rcd8 17. Rd2 b5 18. Be5 Bd6 19. Bxf6 gxf6 20. h4 bxc4 21.
Bxc4 Rfe8 22. Re2 Be5 23. Rd1 Rd6 24. Nxe5 Rxe5 25. Rxe5 fxe5 26. Qf5 f6 27.
Rd3 Bc8 28. Rg3+ Kh8 29. Qh5 f5 30. Qe8# 1-0

[Event "Open Letni Praha 2017 - B"]
[Site "Praha"]
[Date "2017.08.06"]
[Round "3"]
[White "Klyuev, Vasily"]
[Black "Mielke, Torsten Mario"]
[Result "1/2-1/2"]
[WhiteElo "1921"]
[BlackElo "1690"]
[PlyCount "22"]
[EventDate "2017.08.04"]

1. e4 e5 2. Nf3 Nc6 3. Bb5 Bc5 4. O-O d6 5. d4 exd4 6. Nxd4 Bd7 7. Nxc6 bxc6 8.
Bc4 Qh4 9. Qf3 Nf6 10. Nc3 O-O 11. h3 Rae8 1/2-1/2

[Event "Open Letni Praha 2017 - B"]
[Site "Praha"]
[Date "2017.08.06"]
[Round "3"]
[White "Wu, Mengxian"]
[Black "Modi, Yashil"]
[Result "0-1"]
[WhiteElo "1862"]
[BlackElo "1687"]
[PlyCount "112"]
[EventDate "2017.08.04"]

1. d4 d5 2. c4 c6 3. Nc3 Nf6 4. Nf3 dxc4 5. a4 e6 6. e3 c5 7. Bxc4 Nc6 8. O-O
cxd4 9. exd4 Be7 10. d5 exd5 11. Nxd5 Nxd5 12. Bxd5 O-O 13. Be3 Nb4 14. Be4
Qxd1 15. Raxd1 f5 16. Bb1 f4 17. Bd2 Nc6 18. Be4 Bg4 19. h3 Bh5 20. Rfe1 Bc5
21. Rc1 Bxf3 22. Bxf3 Bd4 23. Re4 Rad8 24. Bxf4 Nb4 25. Rc4 Nc6 26. b4 Bf6 27.
Re1 Nd4 28. Bxb7 Rf7 29. Bc7 Rdd7 30. Re8+ Rf8 31. Rxf8+ Kxf8 32. Bc8 Ne2+ 33.
Kf1 Rd4 34. Rxd4 Nxd4 35. Bd6+ Be7 36. Bxe7+ Kxe7 37. Ba6 Kd6 38. Bd3 h6 39.
Ke1 Nc6 40. b5 Nb4 41. Kd2 Kc5 42. Be4 Kd4 43. Bf3 Na2 44. a5 Kc5 45. Be2 Nb4
46. Kc3 Nd5+ 47. Kb3 Nc7 48. Ka4 Nd5 49. b6 axb6 50. a6 Nc7 51. a7 b5+ 52. Ka5
b4 53. Bd3 b3 54. h4 b2 55. h5 Kd4 56. Bg6 Kc5 0-1

[Event "Open Letni Praha 2017 - B"]
[Site "Praha"]
[Date "2017.08.06"]
[Round "3"]
[White "Sacharewicz, Krzysztof"]
[Black "Veselsky, Jan"]
[Result "1-0"]
[WhiteElo "1800"]
[BlackElo "1658"]
[PlyCount "161"]
[EventDate "2017.08.04"]

1. e4 c6 2. d4 d5 3. f3 Qb6 4. a4 e5 5. c3 Be6 6. a5 Qc7 7. exd5 cxd5 8. Bb5+
Bd7 9. Bxd7+ Nxd7 10. Ne2 Ngf6 11. O-O Bd6 12. dxe5 Nxe5 13. Bf4 O-O 14. Nd2
Rad8 15. Bxe5 Bxe5 16. f4 Bd6 17. b4 Rfe8 18. Rf3 Ng4 19. Nb3 Re4 20. g3 Ne3
21. Qd3 Rde8 22. Ned4 a6 23. Nd2 R4e7 24. Re1 Ng4 25. Rxe7 Rxe7 26. Nf5 Re8 27.
Qxd5 Rd8 28. Qc4 Qd7 29. Nxd6 Qxd6 30. Nf1 Qd1 31. Qe4 h5 32. h3 Nf6 33. Qxb7
Rd7 34. Qa8+ Rd8 35. Qb7 Rd7 36. Qc6 Rd6 37. Qc5 Rd5 38. Qe3 Rd8 39. Rf2 Rd3
40. Rd2 Rxe3 41. Rxd1 Rxc3 42. Rd6 Rb3 43. Rxa6 Rxb4 44. Ra8+ Kh7 45. Ne3 Ne4
46. Kg2 Ra4 47. Kf3 Nd2+ 48. Ke2 Nb3 49. a6 Ra2+ 50. Ke1 Ra1+ 51. Nd1 Nd4 52.
Kd2 Nb5 53. Nc3 Nc7 54. Ra7 Ne6 55. Rxf7 Kg6 56. Ra7 Nc5 57. Nd5 Ra2+ 58. Kc3
Ne4+ 59. Kb3 Ra5 60. Nc7 Nxg3 61. Rb7 Ne4 62. Kb4 Ra1 63. a7 Rb1+ 64. Kc4 Nd6+
65. Kd5 Nxb7 66. a8=Q Rd1+ 67. Ke4 Nd6+ 68. Ke3 Nf5+ 69. Ke2 Rd6 70. Qe8+ Kh6
71. Qe5 Kg6 72. Nd5 Ra6 73. Ne7+ Nxe7 74. Qxe7 Rf6 75. Qe5 Rf5 76. Qe8+ Kh6 77.
Kf3 Rf6 78. Ke4 g5 79. Qh8+ Kg6 80. Qg8+ Kh6 81. fxg5# 1-0

[Event "Open Letni Praha 2017 - B"]
[Site "Praha"]
[Date "2017.08.06"]
[Round "3"]
[White "Stanek, Vaclav"]
[Black "Atnilov, Michael"]
[Result "1/2-1/2"]
[WhiteElo "1580"]
[BlackElo "2073"]
[PlyCount "28"]
[EventDate "2017.08.04"]

1. c4 e5 2. Nc3 Nf6 3. g3 d5 4. cxd5 Nxd5 5. Bg2 Be6 6. e3 Nc6 7. Nge2 Ndb4 8.
O-O Nd3 9. f4 exf4 10. Nxf4 Nxf4 11. Rxf4 Bd6 12. Rf2 O-O 13. d4 Qc8 14. a3 Bh3
1/2-1/2

[Event "Open Letni Praha 2017 - B"]
[Site "Praha"]
[Date "2017.08.06"]
[Round "4"]
[White "Karlsson, Peter"]
[Black "Atnilov, Boris"]
[Result "0-1"]
[WhiteElo "1764"]
[BlackElo "2029"]
[PlyCount "76"]
[EventDate "2017.08.04"]

1. e4 e6 2. d4 d5 3. Nc3 Bb4 4. exd5 exd5 5. Bd3 Ne7 6. Nge2 c6 7. O-O Bd6 8.
Ng3 h5 9. Re1 Bxg3 10. hxg3 Be6 11. Ne2 Kf8 12. Nf4 Bg4 13. Be2 Nd7 14. Bxg4
hxg4 15. Qxg4 Nf6 16. Qf3 Nf5 17. c3 g6 18. Nd3 Ne4 19. Ne5 Rh7 20. Be3 Kg7 21.
Qf4 Qb6 22. Nd3 Rah8 23. Kf1 Re8 24. Ke2 Nexg3+ 25. Kd2 Ne4+ 26. Kc2 Qd8 27.
Ne5 Qf6 28. Nd7 Nxe3+ 29. fxe3 Qxf4 30. exf4 Rh2 31. Rg1 f6 32. Kb3 b6 33. g4
Rd8 34. Ne5 fxe5 35. fxe5 Rf8 36. g5 Rff2 37. Rgf1 Rxf1 38. Rxf1 Nd2+ 0-1

[Event "Open Letni Praha 2017 - B"]
[Site "Praha"]
[Date "2017.08.06"]
[Round "4"]
[White "Janacek, Jaroslav"]
[Black "Sacharewicz, Krzysztof"]
[Result "1-0"]
[WhiteElo "2019"]
[BlackElo "1800"]
[PlyCount "121"]
[EventDate "2017.08.04"]

1. Nf3 c5 2. b3 Nf6 3. g3 g6 4. Bg2 Bg7 5. Bb2 Nc6 6. c4 d6 7. O-O O-O 8. d3
Bd7 9. Nbd2 a6 10. a3 b5 11. Ra2 e5 12. Qa1 Ra7 13. Bc3 Nd4 14. Re1 Qc7 15. e3
Nxf3+ 16. Nxf3 Bc6 17. Rb1 Rb8 18. e4 Nd7 19. Ne1 Nf8 20. f4 f6 21. Bh3 Bd7 22.
Bxd7 Qxd7 23. Rf2 Qh3 24. Ng2 Ne6 25. f5 gxf5 26. Rxf5 Qg4 27. Qa2 bxc4 28. Ne3
Qg6 29. Nxc4 Rd7 30. b4 Qf7 31. Ne3 cxb4 32. Rxb4 Rxb4 33. axb4 Nc7 34. Qxf7+
Kxf7 35. Nc4 Ke6 36. Rh5 Bf8 37. Nb6 Rf7 38. g4 d5 39. Kf2 d4 40. Bd2 Nb5 41.
Nd5 Nc7 42. Nb6 Nb5 43. Ke2 Na7 44. Nd5 Nb5 45. Rf5 Nc7 46. Nb6 Ne8 47. h3 Ng7
48. Rf1 Ne8 49. Ra1 Ra7 50. Nd5 Nd6 51. Rc1 Nb5 52. Rc6+ Bd6 53. Rb6 Ra8 54.
Kf2 h5 55. gxh5 f5 56. h6 f4 57. Ke2 Kf7 58. h4 Ra7 59. h5 Ra8 60. Rb7+ Kg8 61.
Nf6+ 1-0

[Event "Open Letni Praha 2017 - B"]
[Site "Praha"]
[Date "2017.08.06"]
[Round "4"]
[White "Modi, Yashil"]
[Black "Benes, Petr"]
[Result "0-1"]
[WhiteElo "1687"]
[BlackElo "1994"]
[PlyCount "80"]
[EventDate "2017.08.04"]

1. d4 Nf6 2. Nf3 c5 3. d5 g6 4. Nc3 Bg7 5. e4 O-O 6. e5 Ng4 7. Bf4 d6 8. exd6
exd6 9. Be2 Re8 10. O-O Ne5 11. Ne4 Qb6 12. a4 a5 13. Nfd2 Nbd7 14. Bb5 h6 15.
Bxe5 dxe5 16. Nc4 Qa7 17. Re1 Rd8 18. Ned6 Nf6 19. Rxe5 Bd7 20. Re7 Qb6 21.
Bxd7 Rxd7 22. Rxd7 Nxd7 23. Qf3 Nf6 24. Re1 Qd8 25. Rd1 Qe7 26. Nb5 Rd8 27. h3
Ne4 28. d6 Qe6 29. Nxa5 Rd7 30. Nc7 Qe5 31. Rd5 Nd2 32. Rxd2 Qe1+ 33. Kh2 Qxd2
34. Nxb7 Rxd6 35. Nb5 Rf6 36. Qe3 Qxc2 37. f3 Re6 38. Qxc5 Be5+ 39. Kg1 Bg3 40.
Qxc2 Re1# 0-1

[Event "Open Letni Praha 2017 - B"]
[Site "Praha"]
[Date "2017.08.06"]
[Round "4"]
[White "Mielke, Torsten Mario"]
[Black "Ragaa, Hassan"]
[Result "1/2-1/2"]
[WhiteElo "1690"]
[BlackElo "2019"]
[PlyCount "27"]
[EventDate "2017.08.04"]

1. e4 d5 2. exd5 Nf6 3. d4 Bg4 4. Be2 Bxe2 5. Nxe2 Qxd5 6. O-O e6 7. Nbc3 Qd7
8. Nf4 Bd6 9. d5 e5 10. Nh5 Nxh5 11. Qxh5 Na6 12. f4 g6 13. Qg5 Qe7 14. Qxe7+
1/2-1/2

[Event "Open Letni Praha 2017 - B"]
[Site "Praha"]
[Date "2017.08.06"]
[Round "4"]
[White "Kraus, Ondrej"]
[Black "Novotny, Martin"]
[Result "0-1"]
[WhiteElo "1997"]
[BlackElo "1824"]
[PlyCount "80"]
[EventDate "2017.08.04"]

1. e4 c5 2. Nf3 Nc6 3. Nc3 g6 4. d4 cxd4 5. Nxd4 Bg7 6. Be3 Nf6 7. f3 O-O 8.
Qd2 d5 9. Nxc6 bxc6 10. Rd1 Bb7 11. Be2 e5 12. Bc5 Re8 13. b4 d4 14. Na4 Nd7
15. O-O Nf6 16. Nb2 Nd7 17. Nd3 Ba6 18. c3 Bxd3 19. Qxd3 Nxc5 20. bxc5 Qa5 21.
cxd4 exd4 22. Qc2 Bf8 23. Rc1 Re5 24. f4 Rxc5 25. Qb3 Rxc1 26. Rxc1 Qd2 27. Qc2
Qe3+ 28. Kh1 Rb8 29. Rf1 Ba3 30. Rf3 Qc1+ 31. Qxc1 Bxc1 32. h4 Be3 33. Bc4 Rb4
34. Ba6 c5 35. f5 c4 36. e5 gxf5 37. Bc8 f4 38. e6 fxe6 39. Bxe6+ Kg7 40. Rf1
c3 0-1

[Event "Open Letni Praha 2017 - B"]
[Site "Praha"]
[Date "2017.08.06"]
[Round "4"]
[White "Engel, Tomas"]
[Black "Paseka, Christian"]
[Result "0-1"]
[WhiteElo "1485"]
[BlackElo "1766"]
[PlyCount "70"]
[EventDate "2017.08.04"]

1. e4 c5 2. Nf3 d6 3. d4 cxd4 4. Nxd4 Nf6 5. Nc3 Nc6 6. Be3 a6 7. f3 Qc7 8. Qd2
Nxd4 9. Bxd4 e5 10. Be3 Be7 11. O-O-O O-O 12. g4 h6 13. h4 Be6 14. h5 Nh7 15.
Nd5 Bxd5 16. exd5 Rac8 17. Kb1 f5 18. gxf5 Bg5 19. Bh3 Bxe3 20. Qxe3 Qxc2+ 21.
Ka1 Nf6 22. Rhg1 Kh8 23. Rc1 Qa4 24. Rxc8 Rxc8 25. Qd2 Qd7 26. f4 Rc5 27. fxe5
dxe5 28. d6 Rd5 29. Qe2 Rxd6 30. a3 e4 31. Rf1 Rd2 32. Qe3 Rd1+ 33. Rxd1 Qxd1+
34. Ka2 Qd5+ 35. b3 Nxh5 0-1

[Event "Open Letni Praha 2017 - B"]
[Site "Praha"]
[Date "2017.08.06"]
[Round "4"]
[White "Anatskiy, Alexey"]
[Black "Shintre, Neel"]
[Result "1-0"]
[WhiteElo "1975"]
[BlackElo "1720"]
[PlyCount "137"]
[EventDate "2017.08.04"]

1. d4 d5 2. Bg5 h6 3. Bh4 c6 4. c3 Nf6 5. Bxf6 exf6 6. e3 Bd6 7. Bd3 O-O 8. Ne2
b6 9. Nd2 Ba6 10. Qc2 Bxd3 11. Qxd3 a5 12. O-O Re8 13. c4 Na6 14. a3 Nc7 15.
Rac1 c5 16. Rfd1 dxc4 17. Nxc4 Ne6 18. d5 Nf8 19. Nc3 Ng6 20. f4 Rb8 21. Nb5
Bf8 22. f5 Ne5 23. Nxe5 Rxe5 24. e4 Qd7 25. a4 Bd6 26. b3 Ree8 27. Na3 Red8 28.
Nc4 Qc7 29. g3 Re8 30. Kg2 Rbd8 31. Nd2 Qd7 32. Nf3 Rb8 33. Nd2 Rbd8 34. Nc4
Qc7 35. Re1 Rb8 36. Re2 Rbd8 37. Rcc2 Rb8 38. Rc1 Rbd8 39. Rce1 Be5 40. Na3 Qd7
41. Qa6 Rb8 42. Qb5 Qxb5 43. axb5 Red8 44. Nc4 Kf8 45. Kf3 Bd6 46. g4 Ke7 47.
h4 Kd7 48. Rh1 Rh8 49. Rhe1 Rhe8 50. Rh1 Rh8 51. Ree1 Kc7 52. g5 h5 53. Rhg1
Rbd8 54. Rg2 Rd7 55. Reg1 Be5 56. g6 Bd4 57. Rd1 Rf8 58. gxf7 Rdxf7 59. Rg6 Rd8
60. Rd2 Kb7 61. Rdg2 Rdd7 62. R2g3 Kc7 63. Rg2 Kb7 64. Rd2 Rd8 65. Rd1 Kc7 66.
Kf4 Re8 67. Re1 Bf2 68. Rh1 Bd4 69. Rh3 1-0

[Event "Open Letni Praha 2017 - B"]
[Site "Praha"]
[Date "2017.08.06"]
[Round "4"]
[White "Stanek, Vaclav"]
[Black "Klyuev, Vasily"]
[Result "0-1"]
[WhiteElo "1580"]
[BlackElo "1921"]
[PlyCount "64"]
[EventDate "2017.08.04"]

1. c4 c5 2. Nc3 Nc6 3. g3 Nf6 4. Bg2 g6 5. e3 b6 6. Nge2 Bg7 7. O-O O-O 8. d4
Bb7 9. b3 d6 10. d5 Ne5 11. Rb1 Bc8 12. h3 g5 13. Ne4 Nxe4 14. Bxe4 Bxh3 15.
Bg2 Qd7 16. f3 Bxg2 17. Kxg2 h5 18. Rh1 Nxf3 19. Bb2 Qg4 20. Ng1 Nh4+ 21. Kf2
Qxd1 22. Rxd1 Bxb2 23. gxh4 g4 24. Ne2 Kh7 25. Ng3 Kg6 26. Ne4 f5 27. Ng5 f4
28. e4 Be5 29. Rd3 Rf6 30. Ne6 f3 31. Rg1 g3+ 32. Rxg3+ Bxg3+ 0-1

[Event "Open Letni Praha 2017 - B"]
[Site "Praha"]
[Date "2017.08.06"]
[Round "4"]
[White "Orsoni, Jean-Philippe"]
[Black "Cabart, Pavel"]
[Result "1-0"]
[WhiteElo "1859"]
[BlackElo "1714"]
[PlyCount "49"]
[EventDate "2017.08.04"]

1. e4 c5 2. Nf3 Nc6 3. d4 cxd4 4. Nxd4 g6 5. Nc3 Bg7 6. Be3 Nf6 7. Bc4 O-O 8.
f3 Qb6 9. Bb3 Ng4 10. Nd5 Qc5 11. Nxc6 Nxe3 12. Ncxe7+ Kh8 13. Qd2 Nxd5 14.
Nxd5 Bxb2 15. Rb1 Bg7 16. Qe3 Bd4 17. Qd2 b6 18. Rd1 Bg7 19. Qe3 Qa5+ 20. Rd2
Ba6 21. Kf2 Rac8 22. Rhd1 f5 23. e5 f4 24. Nxf4 Bxe5 25. Nxg6+ 1-0

[Event "Open Letni Praha 2017 - B"]
[Site "Praha"]
[Date "2017.08.06"]
[Round "4"]
[White "Plesnivy, Martin"]
[Black "Korenek, Frantisek"]
[Result "0-1"]
[WhiteElo "1763"]
[BlackElo "2075"]
[PlyCount "53"]
[EventDate "2017.08.04"]

1. d4 Nf6 2. Nf3 e6 3. c4 b6 4. g3 Bb7 5. Bg2 Bb4+ 6. Bd2 Be7 7. O-O O-O 8. Nc3
Ne4 9. Qc2 Nxc3 10. Bxc3 d5 11. cxd5 exd5 12. Rac1 Nd7 13. Bd2 c6 14. e4 dxe4
15. Qxe4 Re8 16. Qf5 g6 17. Qf4 Bf6 18. Bh3 Nf8 19. Rfe1 Rxe1+ 20. Rxe1 Bc8 21.
Bxc8 Rxc8 22. Be3 Ne6 23. Qe4 Qd6 24. Ne5 Ng5 25. Qg4 Rd8 26. f4 Ne6 27. Rd1 {
necitatelne} 0-1

[Event "Open Letni Praha 2017 - B"]
[Site "Praha"]
[Date "2017.08.07"]
[Round "5"]
[White "Atnilov, Boris"]
[Black "Janacek, Jaroslav"]
[Result "1-0"]
[WhiteElo "2029"]
[BlackElo "2019"]
[PlyCount "107"]
[EventDate "2017.08.04"]

1. e4 c5 2. Nf3 g6 3. d4 cxd4 4. Nxd4 Nc6 5. Nc3 Bg7 6. Be3 Nf6 7. Bc4 Qa5 8.
Nxc6 bxc6 9. O-O Qb4 10. Bb3 Nxe4 11. Nxe4 Qxe4 12. Re1 Qf5 13. Bd4 Bf6 14. Re3
O-O 15. Rf3 Qg5 16. Bxf6 exf6 17. Qd6 Kg7 18. Re1 f5 19. Rfe3 Qf6 20. Rd1 a5
21. Qxf6+ Kxf6 22. Rd6+ Kg7 23. a4 Rb8 24. Re5 Rb4 25. f3 Rd8 26. Rxa5 Re8 27.
Ra8 Kf8 28. a5 Ke7 29. Rd1 d5 30. a6 Kd6 31. a7 Kc7 32. Ra1 Rd8 33. Rxc8+ Rxc8
34. a8=Q Rxa8 35. Rxa8 Kd6 36. Ra7 c5 37. Ra4 Rb6 38. Ra2 c4 39. Ba4 d4 40. Kf2
f4 41. Ke2 Kc5 42. b3 Re6+ 43. Kf2 c3 44. Ra1 f6 45. Re1 Re3 46. Rxe3 dxe3+ 47.
Ke2 g5 48. Kd3 Kb4 49. h3 h5 50. Be8 h4 51. Bd7 e2 52. Kxe2 Ka3 53. Kd3 Kb2 54.
b4 1-0

[Event "Open Letni Praha 2017 - B"]
[Site "Praha"]
[Date "2017.08.07"]
[Round "5"]
[White "Benes, Petr"]
[Black "Anatskiy, Alexey"]
[Result "1-0"]
[WhiteElo "1994"]
[BlackElo "1975"]
[PlyCount "43"]
[EventDate "2017.08.04"]

1. Nf3 d5 2. g3 g6 3. Bg2 Bg7 4. d4 e6 5. O-O Ne7 6. c4 O-O 7. Qc2 f5 8. Bf4 c6
9. Nbd2 Nd7 10. b4 h6 11. h4 a5 12. bxa5 Qxa5 13. a4 Qa7 14. e3 dxc4 15. Bd6
Re8 16. Nxc4 Nd5 17. Rfb1 b5 18. Nb2 Bb7 19. Nd3 N5b6 20. Nc5 Nc4 21. Nxb7 Qxb7
22. Qxc4 1-0

[Event "Open Letni Praha 2017 - B"]
[Site "Praha"]
[Date "2017.08.07"]
[Round "5"]
[White "Klyuev, Vasily"]
[Black "Novotny, Martin"]
[Result "1/2-1/2"]
[WhiteElo "1921"]
[BlackElo "1824"]
[PlyCount "36"]
[EventDate "2017.08.04"]

1. d4 Nf6 2. c4 g6 3. Nf3 Bg7 4. Nc3 O-O 5. Bg5 d6 6. e3 c5 7. Be2 Nc6 8. d5
Na5 9. e4 h6 10. Bf4 Nh5 11. Bd2 e5 12. dxe6 Bxe6 13. Qa4 a6 14. Nd5 Nc6 15.
Bc3 Bxc3+ 16. bxc3 f5 17. Nd2 Nf6 18. Nf4 Qe8 1/2-1/2

[Event "Open Letni Praha 2017 - B"]
[Site "Praha"]
[Date "2017.08.07"]
[Round "5"]
[White "Korenek, Frantisek"]
[Black "Fraczek, Weronika"]
[Result "0-1"]
[WhiteElo "2075"]
[BlackElo "1768"]
[PlyCount "112"]
[EventDate "2017.08.04"]

1. d4 d5 2. g3 Nf6 3. Bg2 e6 4. Nf3 Be7 5. O-O O-O 6. b3 Nbd7 7. Nbd2 c5 8. e3
b6 9. Bb2 Ba6 10. Re1 Rc8 11. Rc1 b5 12. c3 Bb7 13. Ne5 Qa5 14. Qc2 Rc7 15. Qb1
c4 16. b4 Qa6 17. Nxd7 Rxd7 18. a3 Qb6 19. e4 dxe4 20. Nxe4 Nxe4 21. Bxe4 Bxe4
22. Rxe4 Rd5 23. Rce1 Rf5 24. Qd1 Rd8 25. Qe2 Qc7 26. Bc1 Bd6 27. f4 Rd5 28.
Rf1 Qd7 29. g4 Bf8 30. Bd2 Rc8 31. Qf3 Rc6 32. Re5 Ra6 33. Bc1 Rad6 34. Rfe1
Qc6 35. Qg3 Qd7 36. R1e2 Qc8 37. Qe1 Qa6 38. h4 Qc6 39. Kh2 Rd8 40. Kg3 Rxe5
41. fxe5 Be7 42. Re4 Qa6 43. g5 Qa4 44. Re2 Qb3 45. Bb2 Rxd4 46. Qf2 Rd3+ 47.
Kg2 Qa4 48. Qf4 Qa6 49. Rf2 Qb7+ 50. Kh2 Bd8 51. h5 Bb6 52. Rg2 Qf3 53. Qxf3
Rxf3 54. Rg3 Rf2+ 55. Rg2 Rxg2+ 56. Kxg2 Be3 0-1